Click Chain #29 - Statistics

General Stats
  • This quiz has been taken 3,374 times
  • The average score is 18 of 26
Answer Stats
Hint Answer % Correct
The most prestigious awards ceremony in Hollywood is the… Academy Awards
99%
where most sought after prize is the award for… Best Picture
97%
which is a show written by Mel… Brooks
91%
which is an award presented to… The Producers
90%
who was the lead singer of… Nirvana
83%
which is the surname of the singer who married… Kurt Cobain
80%
which is part of the sobriquet of a rapper who feuded with… 2Pac
77%
which is based on the teachings of… Siddhartha Gautama
76%
which is synonymous with… Streams
75%
who was invaded by Communist… China
74%
which is also the guy who wrote… Gulliver’s Travels
74%
which is a tenet of… Buddhism
73%
which is home to… Bollywood
70%
where one could find a geographical feature known as the… Himalayas
70%
which has another contentious region at the… India-Pakistan Border
67%
who brought California… Love
66%
which is a portmanteau of Bombay and… Hollywood
65%
the highest point of which lies on the… China-Nepal Border
62%
whose biggest urban agglomeration is… Mumbai
62%
which is the etymological origin of the word… Lilliputians
60%
which could be considered synonymous with the “word”… Smalls
59%
which is surprisingly visible from space because of floodlights installed by… India
52%
who has sometimes feuded with India over the northeastern portion of… Kashmir
51%
which didn’t even exist in 1949 because of… Tibet
49%
of which, over 92 billion belong to… Swift
46%
who came from the lands of… Nepal
39%
No matching quizzes found
Score Distribution
Percent of People with Each Score
Percentile by Number Answered
Your Score History
You have not taken this quiz